Integrácia techník manažérstva inovácií v inovačnom systéme v konkrétnom slovenskom podniku diplomová práca

Salvato in:
Dettagli Bibliografici
Autore principale: Potoma, Radoslav, 1992-
Ente Autore: Podnikovohospodárska fakulta EU so sídlom v Košiciach. Katedra informačnej a jazykovej komunikácie
Altri autori: Dugas, Jaroslav, 1967-
Natura: Libro
Lingua:slovacco
Pubblicazione: Košice 2017
Tags: Aggiungi Tag
Nessun Tag, puoi essere il primo ad aggiungerne!!

MARC

LEADER 00000nbm a2200000 4500
001 0231541
005 20171121124902.4
041 0 |a slo 
044 |a SK 
245 1 0 |a Integrácia techník manažérstva inovácií v inovačnom systéme v konkrétnom slovenskom podniku  |b diplomová práca  |c Radoslav Potoma ; školiteľ: Jaroslav Dugas 
264 1 |a Košice  |c 2017 
300 |a 81 s. 
100 1 |a Potoma, Radoslav, 1992- 
700 1 |a Dugas, Jaroslav, 1967- 
710 2 |a Podnikovohospodárska fakulta EU so sídlom v Košiciach. Katedra informačnej a jazykovej komunikácie